<?xml version="1.0" encoding="UTF-8"?>
<record
    xmlns:xsi="http://www.w3.org/2001/XMLSchema-instance"
    xsi:schemaLocation="http://www.loc.gov/MARC21/slim http://www.loc.gov/standards/marcxml/schema/MARC21slim.xsd"
    xmlns="http://www.loc.gov/MARC21/slim">

  <leader>03337nam a2200301 a 4500</leader>
  <controlfield tag="001"> </controlfield>
  <controlfield tag="003">DO-SdBNP</controlfield>
  <controlfield tag="005">20220406114111.0</controlfield>
  <controlfield tag="008">110914s2010 dr    000 0 spa d</controlfield>
  <datafield tag="020" ind1=" " ind2=" ">
    <subfield code="a">9789592710818</subfield>
  </datafield>
  <datafield tag="040" ind1=" " ind2=" ">
    <subfield code="a">DO-SdBNP</subfield>
    <subfield code="b">spa</subfield>
    <subfield code="c">BPMSU </subfield>
  </datafield>
  <datafield tag="082" ind1=" " ind2=" ">
    <subfield code="a">923.2097291</subfield>
    <subfield code="b">M378J 2010</subfield>
    <subfield code="2">22</subfield>
  </datafield>
  <datafield tag="100" ind1="1" ind2=" ">
    <subfield code="a">Marti, Jos&#xE9;</subfield>
    <subfield code="d">1853-1895</subfield>
  </datafield>
  <datafield tag="245" ind1="1" ind2="0">
    <subfield code="a">Jos&#xE9; Mart&#xED; y el equilibrio del mundo /</subfield>
    <subfield code="c">estudio introductorio Armando Hart D&#xE1;valos </subfield>
  </datafield>
  <datafield tag="250" ind1=" " ind2=" ">
    <subfield code="a">3a ed.</subfield>
  </datafield>
  <datafield tag="260" ind1=" " ind2=" ">
    <subfield code="a">Santo Domingo :</subfield>
    <subfield code="b">Comisi&#xF3;n Permanente de Efem&#xE9;rides Patrias,</subfield>
    <subfield code="c">2010.</subfield>
  </datafield>
  <datafield tag="300" ind1=" " ind2=" ">
    <subfield code="a">275 p. ;</subfield>
    <subfield code="c">23 cm.</subfield>
  </datafield>
  <datafield tag="500" ind1=" " ind2=" ">
    <subfield code="a">Incluye referencias bibliogr&#xE1;ficas y notas al pie de las p&#xE1;ginas</subfield>
  </datafield>
  <datafield tag="505" ind1="0" ind2=" ">
    <subfield code="a">Estudio introductorio Armando Hart D&#xE1;valos p&#xE1;gina, 9 / II. Jos&#xE9; Mart&#xED; en la mirada Rub&#xE9;n Dar&#xED;o, 47 / Domingo Faustino Sarmiento, 48 / Manuel Guti&#xE9;rrez N&#xE1;jera, 48 / Enrique Jos&#xE9; Varona, 49 / Francisco Pi y Margall, 50 / Pablo Iglesias, 50 / Pedro Henr&#xED;quez Ure&#xF1;a, 51 / Miguel de Unamuno, 52 / Manuel Isidro M&#xE9;ndez 53 Fernando de los r&#xED;os 53 Gabriela Mistral 54 Juan Ram&#xF3;n Jim&#xE9;nez 56 Juan Marinello, 57 Fernando Ortiz, 58 / Alfonso Reyes, 59 / Alejo Carpentier, 59 / Federico De On&#xED;s 60 Guillermo D&#xED;az-Plaja, 61 / Ernesto Che Guevara, 62 / Herminio Almendros, 62 / Nicol&#xE1;s Guill&#xE9;n, 63 / Jos&#xE9; Lezama Lima, 63 / Fidel Castro, 65 / III Textos de Jos&#xE9; Mart&#xED; / La Rep&#xFA;blica espa&#xF1;ola ante la Revoluci&#xF3;n Cubana, 69 / Diputado 81 Escasez de noticias electorales. / Diputados noveles-comercio e industria.-Inteligencia de creaci&#xF3;n y de aplicaci&#xF3;n.-Te&#xF3;filo Gautier, 83 / El poema del Ni&#xE1;gara, 88 / El Tratamiento Comercial entre los Estados Unidos y M&#xE9;xico, 110 / Exposici&#xF3;n de electricidad, 117 / Honores a Karl Marx que ha muerto, 121 / Educaci&#xF3;n cient&#xED;fica, 123 / Educaci&#xF3;n popular, 126 / A aprender en las haciendas, 127 / La futura esclavitud, 130 / Maestros ambulantes, 135 / Libro nuevo y curioso, 140 / Inauguraci&#xF3;n de un presidente en los Estados Unidos, 146 / Correspondencia particular para el Partido Liberal, 164 / Cartas de Mart&#xED; 172 Vindicaci&#xF3;n de Cuba, 182 / El Congreso de Washington, 190 / Nuestra Am&#xE9;rica, 200 / La Conferencia Monetaria de las Rep&#xFA;blicas de Am&#xE9;rica, 211 / La verdad sobre los Estados Unidos, 226 / El tercer a&#xF1;o del Partido Revolucionario Cubano, 232 / A Ferm&#xED;n Vald&#xE9;s Dom&#xED;nguez, 239 / Al general Porfirio D&#xED;az, 241 / A la madre, 242 / A Federico Henr&#xED;quez y Carvajal, 243 / Manifiesto de Montecristi , 246 / A Gonzalo de Quesada y Ar&#xF3;stegui, 258 / A Jos&#xE9; Mart&#xED; y Zayas Baz&#xE1;n, 263 / A Mar&#xED;a Mantilla, 264 / A Manuel Mercado 271.
Summary: Esta obra pone al alcanse del lector una visi&#xF3;n trascendental del genuino continuador del ideario libertador de Sim&#xF3;n Bolivar, Benito Ju&#xE1;rez y otros proceres latinoamericanos, acompa&#xF1;ada de 23 miradas de connotados pensadores de nuestra densidad cultural y precedida por un estudio removedor y documentado del doctor Armando Hart D&#xE1;valos...</subfield>
  </datafield>
  <datafield tag="590" ind1=" " ind2=" ">
    <subfield code="6">Inventariado, 2022/VM</subfield>
  </datafield>
  <datafield tag="600" ind1="1" ind2="4">
    <subfield code="a">Mart&#xED;, Jos&#xE9;</subfield>
    <subfield code="d">1853-1895 </subfield>
    <subfield code="x">Pensamiento pol&#xED;tico</subfield>
    <subfield code="4"> </subfield>
  </datafield>
  <datafield tag="651" ind1=" " ind2="4">
    <subfield code="a"> Am&#xE9;rica Latina</subfield>
    <subfield code="x">Pol&#xED;tica y gobierno</subfield>
  </datafield>
  <datafield tag="700" ind1="1" ind2=" ">
    <subfield code="a">Hart D&#xE1;valos, Armando</subfield>
    <subfield code="e"> introducci&#xF3;n </subfield>
  </datafield>
  <datafield tag="710" ind1="2" ind2=" ">
    <subfield code="a">Centro de Estudios Martianos.(Rep&#xFA;blica Dominicana)</subfield>
  </datafield>
  <datafield tag="710" ind1="2" ind2=" ">
    <subfield code="a">Comisi&#xF3;n Permanente de Efem&#xE9;rides Patrias (Rep&#xFA;blica Dominicana)</subfield>
  </datafield>
  <datafield tag="910" ind1=" " ind2=" ">
    <subfield code="a">VMateo V. </subfield>
  </datafield>
  <datafield tag="942" ind1=" " ind2=" ">
    <subfield code="2">ddc</subfield>
    <subfield code="c">BK</subfield>
  </datafield>
  <datafield tag="952" ind1=" " ind2=" ">
    <subfield code="0">0</subfield>
    <subfield code="1">0</subfield>
    <subfield code="2">ddc</subfield>
    <subfield code="4">0</subfield>
    <subfield code="7">0</subfield>
    <subfield code="8">CD</subfield>
    <subfield code="a">BPMET</subfield>
    <subfield code="b">BPMET</subfield>
    <subfield code="d">2022-03-31</subfield>
    <subfield code="l">0</subfield>
    <subfield code="o">BPMSU CD 923.2097291 M378J 2010</subfield>
    <subfield code="p">BPMSU22040014</subfield>
    <subfield code="r">2022-03-31</subfield>
    <subfield code="w">2022-03-31</subfield>
    <subfield code="y">BK</subfield>
  </datafield>
  <datafield tag="999" ind1=" " ind2=" ">
    <subfield code="c">14133</subfield>
    <subfield code="d">14133</subfield>
  </datafield>
</record>
